Integrated Environmental Management Handbook /

Gespeichert in:
Bibliographische Detailangaben
1. Verfasser: O´Callaghan, Paul W. (Verfasst von)
Format: Buch
Sprache:Englisch
Veröffentlicht: Chichester John Wiley 1996
Schlagworte:
Tags: Tag hinzufügen
Keine Tags, Fügen Sie das erste Tag hinzu!

MARC

LEADER 00000nam a22000003a 4500
001 0087889
003 SK-STU
005 20210416111253.4
007 ta
008 210416s ----xo-----e------000-0-----d
020 |a 0-471-963342-9 
040 |a STU  |b slo 
041 0 |a eng 
044 |a xxk 
100 1 |a O´Callaghan, Paul W.  |4 aut 
245 1 0 |a Integrated Environmental Management Handbook /  |c aut. Paul W O´Callaghan 
260 |a Chichester  |b John Wiley  |c 1996 
300 |a 368 s. 
650 0 7 |a priemyselný manažment 
650 0 7 |a environmentálny manažment 
996 |b 284M088733  |c M* 14466-1  |l MMKN  |s A  |a 24  |w 0087889_0001